Mystery XI #6 - Statistics

General Stats
  • This quiz has been taken 318 times
  • The average score is 9 of 11
Answer Stats
Answer % Correct
Joe Hart
97%
Vincent Kompany
97%
Yaya Toure
96%
Sergio Aguero
94%
David Silva
91%
Fernandinho
87%
Aleksandar Kolarov
79%
Pablo Zabaleta
79%
Alvaro Negredo
52%
Joleon Lescott
49%
James Milner
37%
No matching quizzes found
Score Distribution
Percent of People with Each Score
Percentile by Number Answered
Your Score History
You have not taken this quiz